Statistiken für Alle Deutsche Kennzeichen (Auch Kreise)

Klicken Sie hier um das Quiz zu spielen!

Allgemein

  • Dieses Quiz wurde 69 mal gespielt
    (12 seit der letzten Aktualisierung)
  • Das Durchschnittsergebnis liegt bei 106 aus 665

Antwortstatistiken

CodeStadt% Korrekt
AAugsburg
80%
BBerlin
80%
DDDresden
80%
ACAachen
70%
HBBremen
70%
HHHamburg
70%
ABAschaffenburg
60%
BOBochum
60%
BNBonn
60%
DUDuisburg
60%
DDüsseldorf
60%
EEssen
60%
FLFlensburg
60%
GEGelsenkirchen
60%
KIKiel
60%
KKöln
60%
PMLandkreis Potsdam-Mittelmark
60%
LLeipzig
60%
MMünchen
60%
PIPinneberg
60%
PPotsdam
60%
HRORostock
60%
ASZAue, Schwarzenberg
50%
AURAurich
50%
BADBaden-Baden
50%
BIBielefeld
50%
BOTBottrop
50%
BSBraunschweig
50%
CECelle
50%
CChemnitz
50%
CUXCuxhaven
50%
DODortmund
50%
DNDüren
50%
EMDEmden
50%
FFrankfurt am Main
50%
HALHalle
50%
HMÜHann. Münden
50%
HHannover
50%
HDHeidelberg
50%
HRHomberg
50%
HOMHomburg
50%
JJena
50%
KOKoblenz
50%
KRKrefeld
50%
MYKLandkreis Mayen-Koblenz
50%
OLOldenburg
50%
OSOsnabrück
50%
PBPaderborn
50%
SNSchwerin
50%
SStuttgart
50%
TRTrier
50%
ULUlm
50%
WWuppertal
50%
AAAalen
40%
AICAichach
40%
AMAmberg
40%
ANAnsbach
40%
BZBautzen
40%
BTFBitterfeld
40%
BORBorken
40%
BRBBrandenburg
40%
BÜRBüren
40%
BRGBurg
40%
CLPCloppenburg
40%
COCoburg
40%
COCCochem
40%
DAHDachau
40%
DADarmstadt
40%
EFErfurt
40%
EUEuskirchen
40%
FGFreiberg
40%
FDFulda
40%
GIGießen
40%
Göttingen
40%
HMHameln
40%
HAMHamm
40%
HZHarz
40%
HERHerne
40%
HIHildesheim
40%
HOHof
40%
INIngolstadt
40%
IZItzehoe
40%
KSKassel
40%
ASLandkreis Amberg-Sulzbach
40%
ABILandkreis Anhalt-Bitterfeld
40%
LERLeer
40%
LIPLippe
40%
MDMagdeburg
40%
MZMainz
40%
MAMannheim
40%
MGMönchengladbach
40%
MSMünster
40%
NNürnberg
40%
PAPassau
40%
RVRavensburg
40%
REGRegen
40%
RRegensburg
40%
RÜGRügen
40%
SBSaarbrücken
40%
SZSalzgitter
40%
Tübingen
40%
WIWiesbaden
40%
WOBWolfsburg
40%
WOWorms
40%
AWAhrweiler
30%
ABGAltenburg
30%
ATAltentreptow
30%
ANAAnnaberg
30%
TÖLBad Tölz
30%
BARBarnim
30%
BGDBerchtesgaden
30%
BGLBerchtesgadener Land
30%
BCBiberach
30%
BINBingen
30%
BBBöblingen
30%
CWCalw
30%
CASCastrop-Rauxel
30%
COECoesfeld
30%
CBCottbus
30%
DELDelmenhorst
30%
DINDinslaken
30%
ENEnnepe
30%
ERErlangen
30%
FFBFürstenfeldbruck
30%
Fürth
30%
GAPGarmisch-Partenkirchen
30%
GGera
30%
HGWGreifswald
30%
HAHagen
30%
HVLHavelland
30%
HDHHeidenheim
30%
HNHeilbronn
30%
HFHerford
30%
HSKHochsauerlandkreis
30%
KAKarlsruhe
30%
KEKempten
30%
KLEKleve
30%
ERHLandkreis Erlangen-Höchstadt
30%
LEOLeonberg
30%
LEVLeverkusen
30%
LULudwigshafen
30%
LGLüneburg
30%
MOMoers
30%
MHMülheim
30%
MÜLMüllheim
30%
NMSNeumünster
30%
NFNordfriesland
30%
OBOberhausen
30%
OHVOberhavel
30%
OGOffenburg
30%
PEPeine
30%
RERecklinghausen
30%
RORosenheim
30%
SLSchleswig
30%
SISiegen
30%
HSTStralsund
30%
UNUnna
30%
VECVechta
30%
WEWeimar
30%
WITWitten
30%
WBWittenberg
30%
Würzburg
30%
ZZwickau
30%
AHAhaus
20%
ALFAlfeld
20%
AZAlzey
20%
ANGAngermünde
20%
ARNArnstadt
20%
AUAue
20%
AIBBad Aibling
20%
HGBad Homburg
20%
SEBad Segeberg
20%
BABamberg
20%
BTBayreuth
20%
BEBeckum
20%
BMBergheim
20%
GLBergisch-Gladbach
20%
BITBitburg
20%
BRABrake
20%
BLKBurgenlandkreis
20%
BÜZBützow
20%
CHACham
20%
DAUDaun
20%
DEGDeggendorf
20%
DEDessau
20%
DILDillenburg
20%
DONDonauwörth
20%
EBEEbersberg
20%
EAEisenach
20%
EHEisenhüttenstadt
20%
EEElbe-Elster
20%
EMEmmendingen
20%
ERZErzgebirge
20%
FNFriedrichshafen
20%
FRIFriesland
20%
FÜSFüssen
20%
GFGifhorn
20%
GPGöppingen
20%
GRGörlitz
20%
GSGoslar
20%
GTHGotha
20%
GVGrevenbroich
20%
GMNGrimmen
20%
GUBGuben
20%
GZGünzburg
20%
HBSHalberstadt
20%
HUHanau
20%
HOLHolzminden
20%
HXHöxter
20%
JLJerichower Land
20%
JÜLJülich
20%
KLKaiserslautern
20%
KFKaufbeuren
20%
KWKönigs Wusterhausen
20%
KNKonstanz
20%
KÖTKöthen
20%
TFLandkreis Teltow-Fläming
20%
LAULauf
20%
LMLimburg
20%
LILindau
20%
LPLippstadt
20%
Lörrach
20%
LNLübben
20%
HLLübeck
20%
LBLudwigsburg
20%
LWLLudwigslust
20%
MTKMain-Taunus-Kreis
20%
MRMarburg
20%
MKMärkischer Kreis
20%
MEIMeissen
20%
MELMelle
20%
MMMemmingen
20%
MQMerseburg-Querfurt
20%
MBMiesbach
20%
NMBNaumburg
20%
NBNeubrandenburg
20%
NPNeuruppin
20%
NZNeustrelitz
20%
NUNeu-Ulm
20%
NINienburg
20%
NDHNordhausen
20%
OEOlpe
20%
OALOstallgäu
20%
PWPasewalk
20%
PAFPfaffenhofen
20%
PFPforzheim
20%
PIRPirna
20%
PLPlauen
20%
PLÖPlön
20%
QLBQuedlinburg
20%
QFTQuerfurt
20%
RARastatt
20%
RSRemscheid
20%
RIERiesa
20%
RÜDRüdesheim
20%
SLSSaarlouis
20%
SLKSalzlandkreis
20%
SHGSchaumburg
20%
SADSchwandorf
20%
SOSoest
20%
SGSolingen
20%
SPSpeyer
20%
STDStade
20%
STAStarnberg
20%
SDLStendal
20%
SRStraubing
20%
SÜWSüdliche Weinstraße
20%
TIRTirschenreuth
20%
TSTraunstein
20%
UEUelzen
20%
VSVillingen-Schwenningen
20%
WRNWaren
20%
WATWattenscheid
20%
WHVWilhelmshaven
20%
AKAltenkirchen
10%
Altötting
10%
ALZAlzenau
10%
AZEAnhalt-Zerbst
10%
ANKAnklam
10%
APApolda
10%
ASLAschersleben
10%
BKBacknang
10%
DBRBad Doberan
10%
FRWBad Freienwalde
10%
KGBad Kissingen
10%
KHBad Kreuznach
10%
LIBBad Liebenwerda
10%
SWABad Schwalbach
10%
BLBalingen
10%
BSKBeeskow
10%
BERBernau
10%
BBGBernburg
10%
BKSBernkastel
10%
BIDBiedenkopf
10%
BIRBirkenfeld
10%
BIWBischofswerda
10%
BOHBocholt
10%
BOGBogen
10%
BNABorna
10%
BCHBuchen
10%
BÜDBüdingen
10%
BHBühl
10%
BFBurgsteinfurt
10%
BÜSBüsingen
10%
CACalau
10%
CRCrailsheim
10%
DZDelitzsch
10%
DMDemmin
10%
DIDieburg
10%
DHDiepholz
10%
DIZDiez
10%
DGFDingolfing
10%
DKBDinkelsbühl
10%
DUDDuderstadt
10%
EWEberswalde
10%
EICEichsfeld
10%
EIEichstätt
10%
EBEilenburg
10%
EILEisleben
10%
EDErding
10%
ESEsslingen
10%
FIFinsterwalde
10%
FOForchheim
10%
FORForst
10%
FTFrankenthal
10%
FFFrankfurt an der Oder
10%
FSFreising
10%
FTLFreital
10%
FDBFriedberg (Bayern)
10%
FBFriedberg (Hessen)
10%
FWFürstenwalde
10%
GHAGeithain
10%
GELGeldern
10%
GNTGenthin
10%
GLAGladbeck
10%
GRZGreiz
10%
GRMGrimma
10%
GMGummersbach
10%
Güstrow
10%
GTGütersloh
10%
HDLHaldensleben
10%
HKHeidekreis
10%
HSHeinsberg
10%
HPHeppenheim
10%
ILLIllertissen
10%
KELKehl
10%
KEHKelheim
10%
KBKorbach
10%
KCKronach
10%
KUKulmbach
10%
KUSKusel
10%
KYFKyffhäuser
10%
LDSLandkreis Dahme-Spreewald
10%
MSPLandkreis Main-Spessart
10%
MSHLandkreis Mansfeld-Südharz
10%
MSELandkreis Mecklenburgische Seenplatte
10%
LOSLandkreis Oder-Spree
10%
SPNLandkreis Spree-Neiße
10%
LALandshut
10%
LUPLudwigslust-Parchim
10%
LÜNLünen
10%
MOLMärkisch-Oderland
10%
MSTMecklenburg-Strelitz
10%
MGNMeiningen
10%
MILMiltenberg
10%
MNMindelheim
10%
MONMonschau
10%
MHLMühlhausen
10%
MÜRMüritz
10%
NMNeumarkt
10%
NENeuss
10%
NWNeustadt an der Weinstraße
10%
NRNeuwied
10%
NOHNordhorn
10%
NOMNortheim
10%
NTNürtingen
10%
OAOberallgäu
10%
OFOffenbach am Main
10%
OPOpladen
10%
OZOschatz
10%
OHAOsterode am Harz
10%
OPROstprignitz
10%
PCHParchim
10%
PSPirmasens
10%
PZPrenzlau
10%
PRPrignitz
10%
PRÜPrüm
10%
RDGRibnitz-Damgarten
10%
RMRöbel, Müritz
10%
ROWRotenburg (Wümme)
10%
RWRottweil
10%
SHKSaale-Holzland-Kreis
10%
SKSaalekreis
10%
SOKSaale-Orla-Kreis
10%
SAWSalzwedel
10%
SMSchmalkalden
10%
SBKSchönebeck
10%
SCSchwabach
10%
SDTSchwedt
10%
SWSchweinfurt
10%
SFBSenftenberg
10%
SUSiegburg
10%
SIGSigmaringen
10%
SÖMSömmerda
10%
SONSonneberg
10%
STSteinfurt
10%
TETecklenburg
10%
TPTemplin
10%
TGTorgau
10%
TDOTorgau, Delitzsch, Oschatz
10%
TOTorgau, Oschatz
10%
TUTTuttlingen
10%
ÜBÜberlingen
10%
VERVerden
10%
VITViechtach
10%
VIEViersen
10%
VIBVilsbiburg
10%
VVogtland
10%
VKVölklingen
10%
VGVorpommern, Greifswald
10%
WNWaiblingen
10%
WANWanne
10%
WARWarburg
10%
WENWeiden
10%
WMWeilheim
10%
WSFWeißenfels
10%
WRWernigerode
10%
WESWesel
10%
HWIWismar
10%
WFWolfenbüttel
10%
WORWolfratshausen
10%
ZZZeitz
10%
ZIZittau
10%
ZWZweibrücken
10%
ARTArtern
0%
AEAuerbach
0%
BLBBad Berleburg
0%
BRKBad Brückenau
0%
DÜWBad Dürkheim
0%
EMSBad Ems
0%
GANBad Gandersheim
0%
LSZBad Langensalza
0%
MGHBad Mergentheim
0%
ODBad Oldesloe
0%
REIBad Reichenhall
0%
SLGBad Saulgau
0%
BSBBersenbrück
0%
BEDBrand-Erbisdorf
0%
BRLBraunlage
0%
BRVBremervörde
0%
BULBurglengenfeld
0%
CLZClausthal
0%
DANDannenberg
0%
DLGDillingen an der Donau
0%
DWDippoldiswalde
0%
DLDöbeln
0%
EBSEbermannstadt
0%
EBNEbern
0%
ECKEckernförde
0%
EGEggenfelden
0%
EINEinbeck
0%
ERBErbach
0%
ERKErkelenz
0%
ESBEschenbach
0%
ESWEschwege
0%
FEUFeuchtwangen
0%
FLÖFlöha
0%
FKBFrankenberg
0%
FRFreiburg im Breisgau
0%
FDSFreudenstadt
0%
FZFritzlar
0%
GDBGadebusch
0%
GAGardelegen
0%
GKGeilenkirchen
0%
GNGelnhausen
0%
GERGermersheim
0%
GEOGerolzhofen
0%
GCGlauchau
0%
GOHGoarshausen
0%
GRAGrafenau
0%
GHCGräfenhainichen
0%
GVMGrevesmühlen
0%
GRHGroßenhain
0%
GGGroß-Gerau
0%
GUNGunzenhausen
0%
HGNHagenow
0%
HCHainichen
0%
HABHammelburg
0%
HASHaßfurt
0%
HVHavelberg
0%
HCHHechingen
0%
HIGHeiligenstadt
0%
HEHelmstedt
0%
HEBHersbruck
0%
HETHettstedt
0%
HBNHildburghausen
0%
HIPHilpoltstein
0%
HÖSHöchstadt
0%
HOGHofgeismar
0%
HOHHofheim
0%
HHMHohenmölsen
0%
HOTHohenstein-Ernstthal
0%
HORHorb
0%
HYHoyerswerda
0%
ILIlmenau
0%
JEJessen
0%
KMKamenz
0%
KEMKemnath
0%
KIBKirchheimbolanden
0%
KTKitzingen
0%
KLZKlötze
0%
KÖNKönigshofen
0%
KÖZKötzting
0%
KRUKrumbach
0%
KÜNKünzelsau
0%
KYKyritz
0%
LDKLahn-Dill-Kreis
0%
LRLahr
0%
LANLandau an der Isar
0%
LDLandau in der Pfalz
0%
LLLandsberg am Lech
0%
LFLaufen
0%
LIFLichtenfels
0%
LÖBLöbau
0%
LBSLobenstein
0%
LBZLübz
0%
LCLuckau
0%
LHLüdinghausen
0%
MAIMainburg
0%
MKKMain-Kinzig-Kreis
0%
MCMalchin
0%
MALMallersdorf
0%
MLMansfelder Land
0%
MABMarienberg
0%
MODMarktoberdorf
0%
MAKMarktredwitz
0%
MYMayen
0%
MEDMeldorf
0%
METMellrichstadt
0%
MEGMelsungen
0%
MERMerseburg
0%
MZGMerzig
0%
MEMettmann
0%
MEKMittlerer Erzgebirgskreis
0%
MWMittweida
0%
MOSMosbach (Baden)
0%
Mühldorf
0%
MTLMuldental
0%
MÜBMünchberg
0%
NABNabburg
0%
NAINaila
0%
NAUNauen
0%
NEBNebra
0%
NDNeuburg an der Donau
0%
NHNeuhaus
0%
NENNeunburg
0%
NEANeustadt an der Aisch
0%
NEWNeustadt an der Waldnaab
0%
NECNeustadt bei Coburg
0%
NOLNiederschlesische Oberlausitz
0%
NYNiesky
0%
NORNorden
0%
Nördlingen
0%
NVPNordvorpommern
0%
NWMNordwestmecklenburg
0%
OBBObernburg
0%
OSLOberspreewald-Lausitz
0%
OVIOberviechtach
0%
OVLObervogtland
0%
OCHOchsenfurt
0%
OKOhrekreis
0%
ÖHRÖhringen
0%
OCOschersleben
0%
OVPOstvorpommern
0%
PARParsberg
0%
PEGPegnitz
0%
PANPfarrkirchen
0%
PNPößneck
0%
RNRathenow
0%
RZRatzeburg
0%
REHRehau
0%
RCReichenbach
0%
RTReutlingen
0%
RPRhein-Pfalz-Kreis
0%
RIDRiedenburg
0%
RIRinteln
0%
RLRochlitz
0%
ROKRockenhausen
0%
RODRoding
0%
RSLRoßlau
0%
ROFRotenburg an der Fulda
0%
RHRoth
0%
ROTRothenburg ob der Tauber
0%
ROLRottenburg an der Laaber
0%
SABSaarburg
0%
SÄKSäckingen
0%
SGHSangerhausen
0%
SEFScheinfeld
0%
SLESchleiden
0%
SCZSchleiz
0%
SLNSchmölln
0%
SOGSchongau
0%
SOBSchrobenhausen
0%
GDSchwäbisch Gmünd
0%
SHASchwäbisch Hall
0%
SMÜSchwabmünchen
0%
SZBSchwarzenberg
0%
SEBSebnitz
0%
SELSelb
0%
SIMSimmern
0%
SDHSondershausen
0%
SROStadtroda
0%
SANStadtsteinach
0%
STEStaffelstein
0%
SFTStaßfurt
0%
STBSternberg
0%
GOASt.Goar
0%
IGBSt.Ingbert
0%
STOStockach
0%
STLStollberg
0%
SBGStrasburg
0%
SRBStrausberg
0%
WNDSt.Wendel
0%
SHLSuhl
0%
SULSulzbach
0%
TBBTauberbischofsheim
0%
TETTeterow
0%
TTTettnang
0%
UMUckermark
0%
UEMUeckermünde
0%
UFFUffenheim
0%
UHUnstrut-Hainich
0%
USIUsingen
0%
VAIVaihingen
0%
VOFVilshofen
0%
VBVogelsberg
0%
VOHVohenstrauß
0%
WAWaldeck
0%
WÜMWaldmünchen
0%
WTWaldshut
0%
WGWangen
0%
WZLWanzleben
0%
WSWasserburg
0%
WELWeilburg
0%
WSWWeißwasser
0%
WDAWerdau
0%
WERWertingen
0%
WSTWesterstede
0%
WZWetzlar
0%
WTLWittlage
0%
WTMWittmund
0%
WKWittstock
0%
WIZWitzenhausen
0%
WOLWolfach
0%
WOHWolfhagen
0%
WOSWolfstein
0%
WLGWolgast
0%
WMSWolmirstedt
0%
WBSWorbis
0%
WUNWunsiedel
0%
WURWurzen
0%
ZELZell
0%
ZRZeulenroda
0%
ZIGZiegenhain
0%
ZPZschopau
0%

Verteilung der Resultate

Perzentil nach korrekt beantworteten Fragen

Anzahl Personen mit jedem Resultat

Ihre Resultats-Entwicklung

Sie haben dieses Quiz seit der letzten Aktualisierung nicht gespielt